书目信息 |
| 题名: |
渴望与吸引
|
|
| 作者: | 卡吉奥 著 | |
| 分册: | ||
| 出版信息: | 哈尔滨 北方文艺出版社 1998.04 |
|
| 页数: | 160页 | |
| 开本: | 32开 | |
| 丛书名: | ||
| 单 册: | ||
| 中图分类: | I247.5 | |
| 科图分类: | ||
| 主题词: | 小说--中国 | |
| 电子资源: | ||
| ISBN: | 7-5317-1062-5 | |
| 000 | 00547nam0 2200193 45 | |
| 001 | 0011160994 | |
| 005 | 20081029151846.01 | |
| 010 | @a7-5317-1062-5@d10.00元 | |
| 092 | @b98+ | |
| 100 | @a20001116d1998 km y0chiy0120 ea | |
| 101 | 0 | @achi |
| 200 | 1 | @a渴望与吸引@AKe Wang Yu Xi Yin@f(美)卡吉奥著;金萍译@F(Mei)Ka Ji Ao Zhu;Jin Ping Yi |
| 210 | @a哈尔滨@c北方文艺出版社@d1998.04 | |
| 215 | @a160页@d32开 | |
| 606 | 0 | @a小说@x中国 |
| 690 | @aI247.5@v3 | |
| 701 | 0 | @a卡吉奥@4著 |
| 801 | @aCN@bPftUser@c20081029 | |
| 905 | @b406942-946@dI247.5@eK009@f5 | |
| 渴望与吸引/(美)卡吉奥著;金萍译.-哈尔滨:北方文艺出版社,1998.04 |
| 160页;32开 |
| ISBN 7-5317-1062-5:10.00元 |
| ● |
| 相关链接 |
|
|
|
正题名:渴望与吸引
索取号:I247.5/K009
 
预约/预借
| 序号 | 登录号 | 条形码 | 馆藏地/架位号 | 状态 | 备注 |
| 1 | 406942 | 204069426 | 自科二线404/108文学库 30排7列3层/ [索取号:I247.5/K009] | 在馆 | |
| 2 | 406943 | 204069435 | 文学库108/ [索取号:I247.5/K009] | 在馆 | |
| 3 | 406944 | 204069444 | 自科二线404/108文学库 30排7列3层/ [索取号:I247.5/K009] | 在馆 | |
| 4 | 406945 | 204069453 | 文学库108/ [索取号:I247.5/K009] | 在馆 | |
| 5 | 406946 | 204069462 | 自科二线404/108文学库 30排7列3层/ [索取号:I247.5/K009] | 在馆 | |
| 6 | 460272 | 204602723 | 社科二线422/422社科库 11排1列1层/ [索取号:I247.5/K009] | 在馆 |